Revolt at Ratcliffe's Rags

Bibliographic Details
Main Author: Cross, Gillian (Author)
Format: Book
Published: Oxford : Oxford University Press , 1983

MARC

LEADER 00000cam a2200000 7i4500
001 0000008622
005 20021119093000.0
008 021119n
020 |a 0192714775 
090 0 0 |a PZ7.C7   |b R4 1983 f 
100 0 |a Cross, Gillian ,   |e author 
245 0 0 |a Revolt at Ratcliffe's Rags   |c Gillian Cross 
260 2 |a Oxford :   |b Oxford University Press ,   |c 1983 
300 |a 146 p. ; ;   |c 21 cm. 
999 |a 1000054386   |b Book   |c OPEN SHELF (30 DAYS)   |e Gong Badak Campus 
999 |a 1000054409   |b Book   |c OPEN SHELF (30 DAYS)   |e Gong Badak Campus